Logo BPK

Biblioteka

Politechniki Koszalińskiej

Republika Grecji-Elliniki Dimokratia / (Rekord nr 17434)

Szczegóły MARC
000 -ETYKIETA REKORDU
podpole kontrolne o stałej długości 00490nam a2200169 i 4500
001 - NUMER KONTROLNY REKORDU
pole kontrolne bg
040 ## - ŹRÓDŁO KATALOGOWANIA
Instytucja, która utworzyła rekord BPK
041 ## - KOD JĘZYKA
Kod języka tekstu pol
080 ## - UNIWERSALNA KLASYFIKACJA DZIESIĘTNA - UKD
UKD 308(495)
008 - POLE O STAŁEJ DŁUGOŚCI - DANE KONTROLNE
podpole kontrolne o stałej długości s pl f |000 0 pol
100 1# - NAZWA OSOBOWA
Nazwa osobowa GAJEWSKI, Mieczysław
245 #0 - TYTUŁ/ODPOWIEDZIALNOŚĆ
Tytuł Republika Grecji-Elliniki Dimokratia /
Pozostałe elementy strefy tytułu i oznaczenia odpowiedzialności Mieczysław Gajewski, Krystyna Poznańska.
260 ## - STREFA ADRESU WYDAWNICZEGO
Miejsce wydania [Warszawa] :
Nazwa wydawcy/dystrybutora Kraj. Agencja Wydawn.,
Data publikacji, dystrybucji/powstania dokumentu [1976].
300 ## - STREFA OPISU FIZYCZNEGO
Objętość s. 219, nlb. 1, tabl. nlb. 12.
700 1# - HASŁO DODATKOWE - NAZWA OSOBOWA
Nazwa osobowa POZNAŃSKA, Krystyna
856 ## - LOKALIZACJA I DOSTĘP DO ELEKTRONICZNYCH DOKUMENTÓW ZDALNYCH
Link (URL) http://koha.tu.koszalin.pl/cgi-bin/koha/opac-detail.pl?biblionumber=17434
Tekst linku Katalog online BPK
942 ## - DODATKOWE ELEMENTY (KOHA)
Typ dokumentu Książka
Egzemplarze
Wycofany Status egzemplarza Uszkodzony Dostępność Lokalizacja stała Lokalizacja bieżąca Miejsce przechowywania Sygnatura Kod kreskowy Typ dokumentu
      Dostępny Biblioteka Politechniki Koszalińskiej Biblioteka Politechniki Koszalińskiej Wypożyczalnia BG 22212 01681574 Książka
© 2023 Biblioteka Politechniki Koszalińskiej :: KOHA